Normal view
MARC view
Entry Personal Name
001 - CONTROL NUMBER
- control field: 45670
003 - CONTROL NUMBER IDENTIFIER
- control field: dpl
005 - DATE AND TIME OF LATEST TRANSACTION
- control field: 20120424125819.0
008 - FIXED-LENGTH DATA ELEMENTS
- fixed length control field: 120424|||a|||||| | ||| d
040 ## - CATALOGING SOURCE
- Original cataloging agency: dpl
- Transcribing agency: dpl
100 ## - HEADING--PERSONAL NAME
- Personal name: Robinson, Francis
670 ## - SOURCE DATA FOUND
- Source citation: Work cat.: (dpl): Robinson, Francis, The Ulama of farangi mahall and islamic culture in South Asia /, 2005
670 ## - SOURCE DATA FOUND
- Source citation: Work cat.: (dpl): Robinson, Francis, The Ulama of farangi mahall and islamic culture in South Asia /, 2005
